[Event "Oberliga Bayern 1112"]
[Site "Bayern"]
[Date "2011.12.11"]
[Round "4.7"]
[White "Hahn, Christoph"]
[Black "Sternheimer, Erhard"]
[Result "1-0"]
[WhiteElo "2125"]
[BlackElo "2042"]
[PlyCount "53"]
[EventDate "2011.10.02"]
[EventType "team-tourn"]
[EventRounds "9"]
[EventCountry "GER"]
[SourceTitle "EXT 2013"]
[Source "ChessBase"]
[SourceDate "2012.11.22"]
[SourceVersion "1"]
[SourceVersionDate "2012.11.22"]
[SourceQuality "1"]
[WhiteTeam "Kriegshaber"]
[BlackTeam "Bad Koenigshofen"]
[WhiteTeamCountry "GER"]
[BlackTeamCountry "GER"]

1. b3 e5 2. Bb2 d6 3. e3 Nf6 4. c4 Be7 5. Nf3 0-0 6. d4 e4 7. Nfd2 Re8 8. Nc3 Bf8 9. Be2 Qe7 10. g4 h6 11. h4 g5 12. hxg5 hxg5 13. Qc2 Bg7 14. 0-0-0 c6 15. Ba3 Qe6 16. Kb1 a6 17. f3 exf3 18. Nxf3 Qxe3 19. Bxd6 Bxg4 20. Ne5 Bxe2 21. Nxe2 Qe4 22. Ng3 Qxc2+ 23. Kxc2 Nbd7 24. Nf5 Bf8 25. Rdg1 Ne4 26. Nxd7 Bxd6 27. Nxd6 1-0

[Event "Bayern-ch 81st"]
[Site "Bad Koenigshofen"]
[Date "2010.08.23"]
[Round "2"]
[White "Sternheimer, Erhard"]
[Black "Maurer, Heinrich"]
[Result "0-1"]
[WhiteElo "2089"]
[BlackElo "2029"]
[PlyCount "94"]
[EventDate "2010.08.22"]
[EventType "swiss"]
[EventRounds "9"]
[EventCountry "GER"]
[SourceTitle "EXT 2015"]
[Source "ChessBase"]
[SourceDate "2014.11.20"]
[SourceVersion "1"]
[SourceVersionDate "2014.11.20"]
[SourceQuality "1"]

1. e4 d6 2. Nf3 Nf6 3. d3 g6 4. g3 Bg7 5. Bg2 0-0 6. 0-0 c5 7. Nbd2 Nc6 8. Nh4 e5 9. a4 Bg4 10. Nhf3 Qe7 11. Nc4 Nd4 12. Ne3 Nxf3+ 13. Bxf3 Be6 14. Nc4 Qc7 15. Qe2 b6 16. Bg2 Rae8 17. Ne3 Nd7 18. f4 exf4 19. gxf4 f5 20. exf5 Bxf5 21. Qf3 Bd4 22. Kh1 Bxe3 23. Bxe3 Nf6 24. Rae1 d5 25. Bf2 Bg4 26. Qg3 Be2 27. Rg1 Qd6 28. f5 Ng4 29. h3 Nxf2+ 30. Qxf2 Rxf5 31. Qh4 Kg7 32. a5 b5 33. b4 Rfe5 34. Rb1 c4 35. Qd4 R8e7 36. dxc4 Bxc4 37. Rbe1 Qf6 38. Rxe5 Qxe5 39. Qc5 Qe3 40. Qd6 Rf7 41. Rd1 Rf2 42. Qd7+ Kh6 43. Qg4 Rf4 44. Qd7 Be2 45. Re1 Qf2 46. Rg1 Bf3 47. Qd6 Qg3 0-1

[Event "Unterfranken-ch M1 61th"]
[Site "Kitzingen"]
[Date "2010.04.09"]
[Round "7"]
[White "Roeder, Hans Martin"]
[Black "Sternheimer, Erhard"]
[Result "1/2-1/2"]
[WhiteElo "2062"]
[BlackElo "2124"]
[PlyCount "41"]
[EventDate "2010.04.05"]
[EventType "swiss"]
[EventRounds "9"]
[EventCountry "GER"]
[SourceTitle "EXT 2015"]
[Source "ChessBase"]
[SourceDate "2014.11.20"]
[SourceVersion "1"]
[SourceVersionDate "2014.11.20"]
[SourceQuality "1"]

1. c4 d6 2. Nc3 e5 3. g3 Nf6 4. Bg2 Be7 5. Nf3 0-0 6. d4 exd4 7. Nxd4 Re8 8. 0-0 Nbd7 9. b3 Bf8 10. Bb2 Nc5 11. Re1 a5 12. e4 c6 13. Qd2 Qb6 14. Nc2 Ng4 15. Qd4 Ne5 16. Re3 a4 17. f4 axb3 18. axb3 Rxa1+ 19. Nxa1 Ng4 20. Re2 Qa5 21. Bf3 1/2-1/2

[Event "Unterfranken-ch M1 61th"]
[Site "Kitzingen"]
[Date "2010.04.09"]
[Round "8"]
[White "Sternheimer, Erhard"]
[Black "Golda, Harald"]
[Result "1/2-1/2"]
[WhiteElo "2124"]
[BlackElo "2230"]
[PlyCount "92"]
[EventDate "2010.04.05"]
[EventType "swiss"]
[EventRounds "9"]
[EventCountry "GER"]
[SourceTitle "EXT 2015"]
[Source "ChessBase"]
[SourceDate "2014.11.20"]
[SourceVersion "1"]
[SourceVersionDate "2014.11.20"]
[SourceQuality "1"]

1. e4 c5 2. Nf3 d6 3. c3 Nf6 4. Bd3 Nc6 5. 0-0 Bg4 6. Bc2 e6 7. d3 Be7 8. Re1 0-0 9. Nbd2 Ne5 10. h3 Bh5 11. g4 Nxf3+ 12. Nxf3 Bg6 13. Nh4 Nd7 14. Nxg6 hxg6 15. f4 g5 16. f5 e5 17. a4 c4 18. dxc4 Rc8 19. b3 a6 20. Qd5 Qb6+ 21. Be3 Qc6 22. a5 Qxd5 23. exd5 f6 24. Kg2 Kf7 25. Ra4 Bd8 26. Rea1 Ke7 27. Rb4 Rc7 28. Bb6 Nxb6 29. Rxb6 Rd7 30. Rb4 Rh8 31. Be4 Rf8 32. Kg3 Rh8 33. Bf3 Rh4 34. Be4 Rh8 35. Bg2 Rh4 36. c5 dxc5 37. Rxb7 Bc7 38. d6+ Bxd6 39. Rxd7+ Kxd7 40. Bf1 e4+ 41. Kg2 Be5 42. Rd1+ Kc6 43. Rd8 Bxc3 44. Ra8 Bxa5 45. Rxa6+ Bb6 46. Ra8 Bc7 1/2-1/2

[Event "Bayern-chA 80th"]
[Site "Immenstadt"]
[Date "2009.08.30"]
[Round "9"]
[White "Mueller, Michael3333"]
[Black "Sternheimer, Erhard"]
[Result "0-1"]
[WhiteElo "2010"]
[BlackElo "2147"]
[PlyCount "218"]
[EventDate "2009.08.22"]
[EventType "swiss"]
[EventRounds "9"]
[EventCountry "GER"]
[SourceTitle "EXT 2015"]
[Source "ChessBase"]
[SourceDate "2014.11.20"]
[SourceVersion "1"]
[SourceVersionDate "2014.11.20"]
[SourceQuality "1"]

1. g3 e5 2. Bg2 d6 3. c4 Be7 4. Nc3 Nf6 5. Nf3 0-0 6. 0-0 Nbd7 7. d4 a5 8. Qc2 c6 9. Rd1 Qc7 10. b3 Re8 11. Bb2 Bf8 12. e3 g6 13. Rd2 Nh5 14. Rad1 f5 15. dxe5 dxe5 16. Na4 e4 17. c5 b5 18. cxb6 Nxb6 19. Nxb6 Qxb6 20. Ng5 Ba6 21. Rd7 Re7 22. b4 Rxd7 23. Qb3+ Rd5 24. Rxd5 a4 25. Qxa4 Qxb4 26. Qxb4 Bxb4 27. Rd7 Bf8 28. Nxh7 Rb8 29. Bd4 Rb1+ 30. Bf1 Bxf1 31. f4 exf3 32. Kf2 Bh3 33. Kxf3 f4 34. Rd8 Rf1+ 35. Ke4 fxg3 36. Nxf8 Rxf8 37. Rxf8+ Kxf8 38. hxg3 Nxg3+ 39. Ke5 Ke7 40. a4 g5 41. a5 Bc8 42. Bc5+ Kd7 43. Bb6 Ke7 44. Bc5+ Kf7 45. e4 Kg6 46. Bf2 Nh1 47. Be3 Ng3 48. Bf2 Nh5 49. Bg1 Nf6 50. Kd4 c5+ 51. Kxc5 Nxe4+ 52. Kd4 Kf5 53. Ke3 Bb7 54. Bh2 Kg4 55. a6 Ba8 56. a7 Kh3 57. Be5 Kg2 58. Bb8 Bb7 59. Bc7 Nc3 60. Kd3 Nb5 61. Bb8 Bd5 62. Ke3 Ba8 63. Kd3 Bd5 64. Ke3 Kf1 65. Kd3 Kf2 66. Kd2 g4 67. Kd3 g3 68. Bxg3+ Kxg3 69. a8Q Bxa8 70. Kc4 Nd6+ 71. Kc5 Nf5 72. Kc4 Kf4 73. Kc5 Ke5 74. Kc4 Bd5+ 75. Kc3 Ke4 76. Kd2 Ne3 77. Kc3 Nc4 78. Kc2 Kd4 79. Kb3 Bc6 80. Kc2 Ba4+ 81. Kc1 Kc3 82. Kb1 Bc6 83. Ka2 Kc2 84. Ka1 Be4 85. Ka2 Bf5 86. Ka1 Kc3 87. Ka2 Nd2 88. Ka1 Nb3+ 89. Ka2 Bg6 90. Ka3 Bd3 91. Ka2 Bc2 92. Ka3 Nc5 93. Ka2 Nb3 94. Ka3 Bb1 95. Ka4 Nd4 96. Ka3 Nb5+ 97. Ka4 Kc4 98. Ka5 Kc5 99. Ka4 Bc2+ 100. Ka5 Nd6 101. Ka6 Bd1 102. Ka5 Nb7+ 103. Ka6 Kc6 104. Ka7 Kc7 105. Ka6 Be2+ 106. Ka7 Nd6 107. Ka8 Bf1 108. Ka7 Nc8+ 109. Ka8 Bg2# 0-1

[Event "Bayern-chA 80th"]
[Site "Immenstadt"]
[Date "2009.08.29"]
[Round "8"]
[White "Sternheimer, Erhard"]
[Black "Lutz, Albert"]
[Result "1/2-1/2"]
[WhiteElo "2147"]
[BlackElo "2042"]
[PlyCount "94"]
[EventDate "2009.08.22"]
[EventType "swiss"]
[EventRounds "9"]
[EventCountry "GER"]
[SourceTitle "EXT 2015"]
[Source "ChessBase"]
[SourceDate "2014.11.20"]
[SourceVersion "1"]
[SourceVersionDate "2014.11.20"]
[SourceQuality "1"]

1. e4 e5 2. Nf3 Nf6 3. d3 Nc6 4. Be2 d5 5. exd5 Nxd5 6. 0-0 Bd6 7. Re1 0-0 8. Nbd2 Nf4 9. Bf1 Bg4 10. c3 Qf6 11. Ne4 Qf5 12. Bxf4 Qxf4 13. Re3 Rae8 14. Be2 Qh6 15. Qb3 Bc8 16. Nfg5 Be7 17. Rg3 Bxg5 18. Nxg5 Re7 19. Bf3 Kh8 20. Bd5 Nd8 21. Re1 f6 22. Nxh7 Kxh7 23. Ree3 c6 24. Be4+ f5 25. Rh3 fxe4 26. Rxh6+ gxh6 27. Qb4 Ree8 28. dxe4 Ne6 29. Rd3 Nf4 30. Rd2 Rf7 31. f3 Rg7 32. Qc5 Bh3 33. g3 a6 34. Kf2 Ng6 35. Ke3 Rf7 36. Qb6 Ref8 37. f4 exf4+ 38. gxf4 Nxf4 39. Rd6 Ne6 40. Kd3 Rf3+ 41. Kc4 R8f7 42. Kb3 Ng5 43. e5 Be6+ 44. Ka3 Bd5 45. e6 Nxe6 46. Rxd5 cxd5 47. Qxe6 R3f5 1/2-1/2

[Event "Bayern-chA 80th"]
[Site "Immenstadt"]
[Date "2009.08.27"]
[Round "6"]
[White "Sternheimer, Erhard"]
[Black "De Francesco, Klaus"]
[Result "0-1"]
[WhiteElo "2147"]
[BlackElo "2236"]
[PlyCount "126"]
[EventDate "2009.08.22"]
[EventType "swiss"]
[EventRounds "9"]
[EventCountry "GER"]
[SourceTitle "EXT 2015"]
[Source "ChessBase"]
[SourceDate "2014.11.20"]
[SourceVersion "1"]
[SourceVersionDate "2014.11.20"]
[SourceQuality "1"]

1. e4 e6 2. d4 d5 3. Nc3 h6 4. exd5 exd5 5. Bd3 Nf6 6. Nge2 c5 7. dxc5 Bxc5 8. 0-0 0-0 9. Na4 Bd6 10. Bf4 Nc6 11. Bxd6 Qxd6 12. Ng3 Be6 13. a3 Ne5 14. Be2 Rfd8 15. Qd4 Nc6 16. Qc5 Qf4 17. b4 d4 18. Qb5 Rab8 19. Nc5 Bd5 20. Rad1 b6 21. Nd3 Qc7 22. Ne1 Ne5 23. Qa4 Nc4 24. Bxc4 Bxc4 25. Nd3 Nd5 26. b5 Nc3 27. Qb4 Nxd1 28. Rxd1 Bxd3 29. cxd3 Qc5 30. Qa4 Rbc8 31. Qxa7 Qxb5 32. a4 Qa5 33. Qb7 Qxa4 34. Qf3 Qc6 35. Qg4 Qg6 36. Qf4 Qg5 37. Qf3 Rc1 38. Ne4 Rxd1+ 39. Qxd1 Qg6 40. g3 Qf5 41. Kg2 Qd5 42. g4 b5 43. f4 Ra8 44. Kg3 Ra3 45. Qf3 Qc6 46. g5 hxg5 47. fxg5 Qc2 48. Nf2 Qd2 49. Qf5 Qe3+ 50. Kg2 Qe8 51. Qc5 Ra4 52. h4 Qd7 53. h5 Ra2 54. Kg3 Ra6 55. Ne4 Ra1 56. h6 Rg1+ 57. Kf4 Rf1+ 58. Kg3 Qf5 59. Qxf5 Rxf5 60. Kg4 Rf1 61. hxg7 Kxg7 62. Nd6 b4 63. Nf5+ Rxf5 0-1

[Event "GER-ch 80th"]
[Site "Saarbruecken"]
[Date "2009.02.10"]
[Round "5"]
[White "Sternheimer, Erhard"]
[Black "Hundack, Rolf"]
[Result "1-0"]
[WhiteElo "2224"]
[BlackElo "2139"]
[PlyCount "113"]
[EventDate "2009.02.06"]
[EventType "swiss"]
[EventRounds "9"]
[EventCountry "GER"]
[SourceTitle "CBM 128 Extra"]
[Source "ChessBase"]
[SourceDate "2009.03.05"]
[SourceVersion "2"]
[SourceVersionDate "2009.03.25"]
[SourceQuality "1"]

1. d4 Nf6 2. c4 e6 3. Nf3 d5 4. e3 Be7 5. Nc3 0-0 6. b3 c5 7. Bd3 Nc6 8. 0-0 b6 9. Bb2 Bb7 10. Rc1 cxd4 11. exd4 Rc8 12. Ne2 Re8 13. a3 Bf8 14. Re1 g6 15. Ng3 Bg7 16. c5 bxc5 17. dxc5 Rc7 18. b4 a6 19. Qd2 Rce7 20. Ne5 Nxe5 21. Bxe5 Ne4 22. Qb2 f6 23. c6 Bc8 24. Bb8 Qb6 25. Bf4 Nxg3 26. Be3 Qc7 27. hxg3 e5 28. a4 f5 29. Bf1 f4 30. Bc5 e4 31. Qb3 Rf7 32. Qxd5 e3 33. fxe3 f3 34. gxf3 Qxg3+ 35. Bg2 Bh3 36. Re2 Be6 37. Qe4 h5 38. b5 axb5 39. axb5 h4 40. b6 h3 41. c7 Be5 42. f4 Bc8 43. fxe5 Rxe5 44. Bd6 Rxe4 45. Bxg3 hxg2 46. b7 Bxb7 47. c8Q+ Bxc8 48. Rxc8+ Kg7 49. Kxg2 Kh6 50. Rc5 g5 51. Re5 Rb4 52. Rf2 Rd7 53. Rf6+ Kh5 54. Bf4 Rg7 55. Rff5 Kh4 56. Bxg5+ Kg4 57. Rf4+ 1-0

[Event "Oberliga Bayern 0809"]
[Site "Bayern"]
[Date "2008.12.14"]
[Round "4.5"]
[White "Kunze, Holger"]
[Black "Sternheimer, Erhard"]
[Result "1/2-1/2"]
[WhiteElo "2068"]
[BlackElo "2194"]
[PlyCount "144"]
[EventDate "2008.10.05"]
[EventType "team-tourn"]
[EventRounds "9"]
[EventCountry "GER"]
[SourceTitle "EXT 2020"]
[Source "ChessBase"]
[SourceDate "2019.10.17"]
[SourceVersion "1"]
[SourceVersionDate "2019.10.17"]
[SourceQuality "1"]
[WhiteTeam "Bayern Muenchen II"]
[BlackTeam "Koenigshofen"]
[WhiteTeamCountry "GER"]
[BlackTeamCountry "GER"]

1. d4 Nf6 2. c4 d6 3. Nc3 e5 4. d5 g6 5. e4 Bg7 6. Nf3 0-0 7. h3 Nbd7 8. Bg5 h6 9. Be3 Qe7 10. g4 Nc5 11. Nd2 a5 12. Be2 Nh7 13. Qc2 f5 14. f3 Qh4+ 15. Bf2 Qf6 16. 0-0-0 fxe4 17. Ndxe4 Nxe4 18. Nxe4 Qf4+ 19. Qd2 Qxd2+ 20. Kxd2 b6 21. Be3 Bd7 22. b3 Rfb8 23. a4 Rf8 24. h4 Rf7 25. h5 g5 26. Rdf1 Raf8 27. Ke1 Kh8 28. Rf2 Kg8 29. Rhf1 Nf6 30. Bd3 Nxe4 31. Bxe4 Ra8 32. Ra2 Rff8 33. Ke2 Kf7 34. Bd2 Ra7 35. Rb1 Rfa8 36. Bc3 Ke7 37. Bc2 Rf8 38. Bd2 Rfa8 39. Be4 Ra6 40. Rba1 R6a7 41. Ra3 Ra6 42. R1a2 R6a7 43. Kd3 Ra6 44. Kc3 R6a7 45. b4 Bf6 46. bxa5 Rxa5 47. Kb3 R5a6 48. Bb4 Kd8 49. a5 bxa5 50. Rxa5 Rxa5 51. Rxa5 Rxa5 52. Bxa5 Be7 53. Bc3 Kc8 54. c5 Bb5 55. Kc2 Bc4 56. Kd2 Kd8 57. Ke3 Bf8 58. Kd2 Be7 59. Kc2 Bf8 60. Kb2 Be7 61. Ka3 Be2 62. Ka4 Bf8 63. cxd6 Bxd6 64. Kb3 Ke7 65. Ba5 Kd7 66. Bc3 Ke7 67. Kc2 Kd8 68. Kd2 Bc4 69. Kc2 Ke7 70. Ba5 Kd8 71. Bc3 Ke7 72. Ba5 Kd8 1/2-1/2

[Event "Bayern-chA 79th"]
[Site "Bad Neustadt/Saale"]
[Date "2008.09.01"]
[Round "4"]
[White "Sternheimer, Erhard"]
[Black "Meister, Peter"]
[Result "1-0"]
[WhiteElo "2194"]
[BlackElo "2338"]
[PlyCount "75"]
[EventDate "2008.08.30"]
[EventType "swiss"]
[EventRounds "9"]
[EventCountry "GER"]
[SourceTitle "EXT 2015"]
[Source "ChessBase"]
[SourceDate "2014.11.20"]
[SourceVersion "1"]
[SourceVersionDate "2014.11.20"]
[SourceQuality "1"]

1. Nf3 c5 2. g3 Nc6 3. Bg2 g6 4. 0-0 Bg7 5. c4 e5 6. Nc3 Nge7 7. d3 0-0 8. a3 a5 9. Ne1 d6 10. e4 h6 11. f4 f5 12. Nc2 fxe4 13. dxe4 exf4 14. gxf4 Nd4 15. Nxd4 Bxd4+ 16. Kh1 Be6 17. Qd3 Nc6 18. Nd5 h5 19. Rb1 Rf7 20. Qg3 Rg7 21. Bh3 Qe8 22. Bg2 Rb8 23. b3 Kh8 24. Bd2 b5 25. cxb5 Rxb5 26. Qd3 Rb8 27. b4 axb4 28. axb4 Rgb7 29. bxc5 dxc5 30. Rxb7 Rxb7 31. Bc3 Rb3 32. Qc2 Bxd5 33. Bxd4+ cxd4 34. exd5 Na5 35. Qc5 Qa4 36. Qf8+ Kh7 37. f5 g5 38. f6 1-0

[Event "Bayern-chA 79th"]
[Site "Bad Neustadt/Saale"]
[Date "2008.08.30"]
[Round "1"]
[White "Klimpel, Thomas"]
[Black "Sternheimer, Erhard"]
[Result "1/2-1/2"]
[WhiteElo "2059"]
[BlackElo "2194"]
[PlyCount "83"]
[EventDate "2008.08.30"]
[EventType "swiss"]
[EventRounds "9"]
[EventCountry "GER"]
[SourceTitle "EXT 2015"]
[Source "ChessBase"]
[SourceDate "2014.11.20"]
[SourceVersion "1"]
[SourceVersionDate "2014.11.20"]
[SourceQuality "1"]

1. e4 e5 2. Nf3 Nc6 3. Bb5 g6 4. c3 Bg7 5. 0-0 d6 6. d3 Nge7 7. d4 0-0 8. Be3 Bg4 9. d5 Nb8 10. h3 Bc8 11. Ne1 c6 12. dxc6 bxc6 13. Bc4 d5 14. exd5 Nxd5 15. Bc5 Re8 16. Nd2 Nd7 17. Ba3 N7f6 18. Nd3 Bh6 19. Bxd5 cxd5 20. Nc5 Nd7 21. Re1 Nb6 22. b4 Bxh3 23. Nf1 Qg5 24. Qf3 Bg4 25. Qg3 Bc8 26. Qh2 Qh5 27. Qxh5 gxh5 28. Bc1 Bxc1 29. Raxc1 Bf5 30. Ne3 Be6 31. Rcd1 a5 32. Nxe6 fxe6 33. Rb1 a4 34. b5 Rac8 35. Nd1 e4 36. Re3 Kg7 37. Rg3+ Kh6 38. Rb4 Rc4 39. Rb1 Rec8 40. Kf1 R4c7 41. Rb4 Rc4 42. Rb1 1/2-1/2

[Event "Oberliga Bayern 0708"]
[Site "Bayern"]
[Date "2008.01.20"]
[Round "5.4"]
[White "Sternheimer, Erhard"]
[Black "Jirka, Jiri"]
[Result "0-1"]
[WhiteElo "2134"]
[BlackElo "2323"]
[PlyCount "66"]
[EventDate "2007.10.21"]
[EventType "team-tourn"]
[EventRounds "9"]
[EventCountry "GER"]
[SourceTitle "EXT 2009"]
[Source "ChessBase"]
[SourceDate "2008.11.26"]
[SourceVersion "1"]
[SourceVersionDate "2008.11.26"]
[SourceQuality "1"]
[WhiteTeam "Koenigshofen"]
[BlackTeam "Bamberg"]
[WhiteTeamCountry "GER"]
[BlackTeamCountry "GER"]

1. e4 e5 2. Nf3 Nc6 3. d4 exd4 4. Nxd4 Nf6 5. Nxc6 bxc6 6. Bd3 d5 7. exd5 cxd5 8. 0-0 Be7 9. Nc3 0-0 10. Bg5 Be6 11. Qf3 h6 12. Bf4 c6 13. h3 Nd7 14. Qg3 Bh4 15. Qf3 Qf6 16. Be2 Ne5 17. Bxe5 Qxe5 18. Rfe1 Rab8 19. b3 Rb4 20. Bc4 Qf6 21. a3 Qxf3 22. gxf3 Rbb8 23. Bf1 Bf6 24. Na4 Bxa1 25. Rxa1 Bf5 26. Rc1 Rfe8 27. Nc5 Re7 28. Nd3 Rbe8 29. Kg2 Bxd3 30. cxd3 Re1 31. Rxc6 R8e6 32. Rc8+ Kh7 33. Rd8 Rg6+ 0-1

[Event "Oberliga Bayern 0708"]
[Site "Bayern"]
[Date "2007.11.04"]
[Round "2.4"]
[White "Zentgraf, Alexander"]
[Black "Sternheimer, Erhard"]
[Result "1-0"]
[WhiteElo "2188"]
[BlackElo "2179"]
[PlyCount "113"]
[EventDate "2007.10.21"]
[EventType "team-tourn"]
[EventRounds "9"]
[EventCountry "GER"]
[SourceTitle "EXT 2009"]
[Source "ChessBase"]
[SourceDate "2008.11.26"]
[SourceVersion "1"]
[SourceVersionDate "2008.11.26"]
[SourceQuality "1"]
[WhiteTeam "Wuerzburg"]
[BlackTeam "Koenigshofen"]
[WhiteTeamCountry "GER"]
[BlackTeamCountry "GER"]

1. e4 c5 2. Nc3 Nc6 3. Bb5 Nd4 4. Bc4 e6 5. Nf3 a6 6. 0-0 b5 7. Bd3 Bb7 8. Nxd4 cxd4 9. Ne2 Qb6 10. c3 dxc3 11. dxc3 Nf6 12. Ng3 h5 13. Qf3 h4 14. Ne2 d5 15. exd5 Bxd5 16. Qh3 Bd6 17. Nf4 Bxf4 18. Bxf4 Rh5 19. Qe3 Qxe3 20. Bxe3 Bc4 21. Rfd1 Bxd3 22. Rxd3 Rd5 23. Rxd5 Nxd5 24. Bd4 f6 25. f3 Rc8 26. a3 Ke7 27. Re1 e5 28. Bf2 Rc4 29. g3 hxg3 30. hxg3 Kd6 31. Kf1 a5 32. Ke2 a4 33. Rh1 Ke6 34. Rh8 Nxc3+ 35. bxc3 Rxc3 36. Rb8 Rxa3 37. Rxb5 Ra2+ 38. Kf1 Ra1+ 39. Kg2 f5 40. Ra5 g5 41. g4 f4 42. Bc5 Ra2+ 43. Kf1 e4 44. fxe4 Ke5 45. Bf2+ Kxe4 46. Kg2 Kd3 47. Rxg5 a3 48. Ra5 Kc4 49. Kf3 Kb4 50. Be1+ Kb3 51. Kxf4 Ra1 52. Bg3 a2 53. Kg5 Kb4 54. Ra8 Kb3 55. Be5 Rf1 56. Kg6 Re1 57. Bf6 1-0

[Event "Landesliga Nord 0607"]
[Site "Bayern"]
[Date "2007.02.04"]
[Round "5.3"]
[White "Sternheimer, Erhard"]
[Black "Wulfmeyer, Johannes"]
[Result "1/2-1/2"]
[WhiteElo "2105"]
[BlackElo "2098"]
[PlyCount "74"]
[EventDate "2006.10.15"]
[EventType "team"]
[EventRounds "9"]
[EventCountry "GER"]
[SourceTitle "EXT 2008"]
[Source "ChessBase"]
[SourceDate "2007.11.25"]
[SourceVersion "1"]
[SourceVersionDate "2007.11.25"]
[SourceQuality "1"]
[WhiteTeam "Koenigshofen"]
[BlackTeam "Nuernberg NT II"]
[WhiteTeamCountry "GER"]
[BlackTeamCountry "GER"]

1. e4 c5 2. Nf3 d6 3. c3 Nf6 4. Bd3 Nc6 5. Bc2 Bg4 6. d3 e6 7. 0-0 d5 8. Nbd2 Be7 9. h3 Bxf3 10. Nxf3 0-0 11. Bf4 Qb6 12. Rb1 Rac8 13. Re1 Qa6 14. a3 b5 15. Ne5 Nxe5 16. Bxe5 dxe4 17. dxe4 Rfd8 18. Qe2 Nd7 19. Bf4 e5 20. Be3 c4 21. Red1 Nb6 22. Qh5 Bf6 23. Rxd8+ Rxd8 24. Rd1 Qc8 25. Rxd8+ Qxd8 26. Qd1 Qxd1+ 27. Bxd1 Na4 28. Bxa4 bxa4 29. g3 a6 30. f4 h5 31. Kg2 Kf8 32. Kf3 g6 33. fxe5 Bxe5 34. Bd4 f6 35. g4 Kf7 36. Bxe5 fxe5 37. Kg3 Kg7 1/2-1/2

[Event "Unterfranken-ch M1 58th"]
[Site "Wuerzburg"]
[Date "2007.??.??"]
[Round "9"]
[White "Mueller, Siegmund"]
[Black "Sternheimer, Erhard"]
[Result "0-1"]
[WhiteElo "1976"]
[BlackElo "2096"]
[PlyCount "99"]
[EventDate "2007.04.09"]
[EventType "swiss"]
[EventRounds "9"]
[EventCountry "GER"]
[SourceTitle "EXT 2015"]
[Source "ChessBase"]
[SourceDate "2014.11.20"]
[SourceVersion "1"]
[SourceVersionDate "2014.11.20"]
[SourceQuality "1"]

1. Nf3 Nf6 2. d4 d6 3. c4 Bg4 4. Nbd2 g6 5. Qb3 Qc8 6. h3 Bf5 7. g4 Bd7 8. e4 h5 9. g5 Ng8 10. Nh4 Bg7 11. Ndf3 Nc6 12. Be3 a5 13. 0-0-0 a4 14. Qc3 e6 15. Nd2 Nge7 16. f4 0-0 17. Bd3 e5 18. fxe5 dxe5 19. d5 Nd4 20. Bxd4 exd4 21. Qa3 c5 22. Bf1 Qc7 23. Nhf3 Nc8 24. e5 Bxe5 25. Nxe5 Qxe5 26. Qxc5 Bf5 27. Qa3 b5 28. Bg2 bxc4 29. Nxc4 Qe2 30. Rd2 Qxc4+ 31. Kd1 Rb8 32. Rf1 Rb6 33. Rf4 Qc7 34. Rfxd4 Qh2 35. Qe3 a3 36. b3 Nd6 37. Rf4 Re8 38. Qf2 Rb7 39. b4 Rbe7 40. Rxf5 gxf5 41. Rc2 Qe5 42. Bf3 Qa1+ 43. Kd2 Ne4+ 44. Bxe4 Rxe4 45. Rc6 Re2+ 46. Kd3 R2e3+ 47. Qxe3 Qd1+ 48. Kc4 Rxe3 49. Rc8+ Kg7 50. Rg8+ 0-1

[Event "Unterfranken-ch M1 58th"]
[Site "Wuerzburg"]
[Date "2007.??.??"]
[Round "4"]
[White "Muench, Gerhard"]
[Black "Sternheimer, Erhard"]
[Result "0-1"]
[WhiteElo "1919"]
[BlackElo "2096"]
[PlyCount "114"]
[EventDate "2007.04.09"]
[EventType "swiss"]
[EventRounds "9"]
[EventCountry "GER"]
[SourceTitle "EXT 2015"]
[Source "ChessBase"]
[SourceDate "2014.11.20"]
[SourceVersion "1"]
[SourceVersionDate "2014.11.20"]
[SourceQuality "1"]

1. Nf3 Nf6 2. c4 d6 3. d4 Bg4 4. Nc3 Nc6 5. d5 Bxf3 6. gxf3 Nb8 7. f4 Nbd7 8. Bg2 g6 9. e4 Bg7 10. Be3 0-0 11. Qe2 e5 12. f5 gxf5 13. exf5 Kh8 14. 0-0-0 a6 15. h4 Rg8 16. Bg5 Qf8 17. Rdg1 Re8 18. Kb1 e4 19. Bxe4 b5 20. cxb5 axb5 21. a3 Rb8 22. Rg3 b4 23. axb4 Rxb4 24. Bc2 Qb8 25. Nd1 Nxd5 26. f6 N5xf6 27. Rhg1 Re8 28. Qd3 Ne4 29. Bc1 Be5 30. Rg4 f5 31. R4g2 Rd4 32. Qb3 d5 33. f3 Nd6 34. Bh6 Rxh4 35. Bg7+ Bxg7 36. Rxg7 Qxb3 37. Bxb3 Rh1 38. Rxh1 Kxg7 39. Bxd5 Re2 40. Nc3 Rf2 41. Re1 Kf8 42. Ne2 Nf6 43. Bc6 Nc4 44. f4 Ne4 45. Kc2 Ng3 46. Kd3 Nxb2+ 47. Ke3 Rxe2+ 48. Rxe2 Nxe2 49. Kxe2 Ke7 50. Bb5 Kd6 51. Kd2 c6 52. Ba6 Kd5 53. Kc2 Nc4 54. Kd3 Nd6 55. Ke3 c5 56. Bf1 h5 57. Bg2+ Kc4 0-1

[Event "Unterfranken-ch M1 58th"]
[Site "Wuerzburg"]
[Date "2007.??.??"]
[Round "8"]
[White "Sternheimer, Erhard"]
[Black "Kuhn, Norbert"]
[Result "1/2-1/2"]
[WhiteElo "2096"]
[BlackElo "2056"]
[PlyCount "27"]
[EventDate "2007.04.09"]
[EventType "swiss"]
[EventRounds "9"]
[EventCountry "GER"]
[SourceTitle "EXT 2015"]
[Source "ChessBase"]
[SourceDate "2014.11.20"]
[SourceVersion "1"]
[SourceVersionDate "2014.11.20"]
[SourceQuality "1"]

1. Nf3 d5 2. d4 Nf6 3. e3 e6 4. Bd3 c5 5. b3 Be7 6. 0-0 0-0 7. Bb2 b6 8. Nbd2 Bb7 9. Ne5 Nbd7 10. f4 Ne4 11. Rf3 f5 12. Rh3 Nxd2 13. Qxd2 Nxe5 14. dxe5 1/2-1/2

[Event "Unterfranken-ch M1 58th"]
[Site "Wuerzburg"]
[Date "2007.??.??"]
[Round "1"]
[White "Sternheimer, Erhard"]
[Black "Kunz, Konstantin"]
[Result "1/2-1/2"]
[WhiteElo "2096"]
[BlackElo "2104"]
[PlyCount "34"]
[EventDate "2007.04.09"]
[EventType "swiss"]
[EventRounds "9"]
[EventCountry "GER"]
[SourceTitle "EXT 2015"]
[Source "ChessBase"]
[SourceDate "2014.11.20"]
[SourceVersion "1"]
[SourceVersionDate "2014.11.20"]
[SourceQuality "1"]

1. e4 c5 2. Nf3 e6 3. d3 d6 4. Nbd2 Nf6 5. g3 b6 6. Bg2 Bb7 7. 0-0 Nbd7 8. Re1 Be7 9. a4 a6 10. Nh4 Qc7 11. f4 h6 12. f5 e5 13. c4 Nb8 14. Nhf3 Nc6 15. Nb1 Nd4 16. Nc3 Nxf3+ 17. Bxf3 Bc6 1/2-1/2

[Event "Unterfranken-ch M1 57th"]
[Site "Prichsenstadt"]
[Date "2006.04.20"]
[Round "5"]
[White "Seuffert, Gabriel"]
[Black "Sternheimer, Erhard"]
[Result "1-0"]
[WhiteElo "2301"]
[BlackElo "2097"]
[PlyCount "67"]
[EventDate "2006.04.17"]
[EventType "swiss"]
[EventRounds "9"]
[EventCountry "GER"]
[SourceTitle "EXT 2015"]
[Source "ChessBase"]
[SourceDate "2014.11.20"]
[SourceVersion "1"]
[SourceVersionDate "2014.11.20"]
[SourceQuality "1"]

1. c4 e5 2. g3 Nf6 3. Bg2 d5 4. cxd5 Nxd5 5. Nf3 Nc6 6. 0-0 Nb6 7. d3 Be7 8. a3 Be6 9. Nbd2 0-0 10. b4 a6 11. Bb2 f6 12. Rc1 Qd7 13. Re1 Rad8 14. Qc2 Qe8 15. Nb3 Qf7 16. Na5 Nxa5 17. bxa5 Na8 18. d4 exd4 19. Nxd4 Bc8 20. Be4 Kh8 21. Nf3 Qh5 22. Nh4 f5 23. Bf3 Qf7 24. Ng2 c6 25. Nf4 Bf6 26. e4 Bxb2 27. Qxb2 fxe4 28. Rxe4 Bf5 29. Rb4 Rd7 30. Re1 Bg6 31. Bg4 Re7 32. Rxe7 Qxe7 33. Rxb7 Nc7 34. Ne6 1-0